000
00251nam a2200097Ia 4500
001
640536
005
20250826153449.0
008
250824s9999 xx 000 0 und d
245
0
_a
TALİHSİZ SER 4 BİTİK ORMAN
_c
LEMONY SNICKET
260
_b
DOĞAN EGMONT
999
_c
640536
_d
640536